عرض عادي
عرض مارك
- Electronic digital computers
مدخل مصطلح موضوعي
001 - رقم الضبط
- حقل الضبط: 75427
003 - معرف رقم الضبط
- حقل الضبط: OSt
005 - تاريخ ووقت أخر عملية
- حقل الضبط: 20191122171609.0
008 - عناصر بيانات ثابتة الطول
- حقل تحكم ثابت الطول: 191122|| aca||aabn | a|a d
040 ## - مصدر الفهرسة
- هيئة الفهرسة الأصلية: OSt
- وكالة الكتابة: OSt
150 ## - مدخل-- مصطلح تاريخي
- عنصر مدخل المصطلح الموضوعي او الاسم الجغرافي: Electronic digital computers
670 ## - بيانات المصدر موجوده
- الاستشهاد بالمصدر: Work cat.: (OSt): Mano, M. Morris, 1927- 75426, Digital design :, c2018.
